Te regalo mi cumpleaños / (Record no. 128266)

MARC details
000 -CABECERA
campo de control de longitud fija 00589nam a2200193 u 4500
005 - FECHA Y HORA DE LA ÚLTIMA TRANSACCIÓN
campo de control 20240228063628.0
008 - ELEMENTOS DE LONGITUD FIJA--INFORMACIÓN GENERAL
campo de control de longitud fija 080522s2006 es r 000 0 spa d
020 ## - NÚMERO INTERNACIONAL NORMALIZADO PARA LIBROS
Número Internacional Estándar del Libro 8496514641
035 ## - NÚMERO DE CONTROL DEL SISTEMA
Número de control de sistema UPN01000156152
049 ## - COLECCIÓN
Colección I
050 #4 - SIGNATURA TOPOGRÁFICA DE LA BIBLIOTECA DEL CONGRESO
Número de clasificación PZ13
Número de documento/Ítem C3.7
100 1# - ASIENTO PRINCIPAL--NOMBRE PERSONAL
Nombre de persona Calleja Pérez, Seve,
Fechas asociadas al nombre 1953-
9 (RLIN) 33913
245 10 - MENCIÓN DE TÍTULO
Título Te regalo mi cumpleaños /
Mención de responsabilidad, etc. Seve Calleja ; il. Pep Montserrat.
260 ## - PUBLICACIÓN, DISTRIBUCIÓN, ETC.
Lugar de publicación, distribución, etc. Valencia, Esp. :
Nombre del editor, distribuidor, etc. Algar,
Fecha de publicación, distribución, etc. 2006.
300 ## - DESCRIPCIÓN FÍSICA
Extensión 72 p. :
Otras características físicas il.
440 #0 - MENCIÓN DE SERIE/ASIENTO SECUNDARIO--TÍTULO
Título Calcetín amarillo ;
Designación de volumen o secuencia 18.
Nombre de parte o sección de la obra Apartir de 8 años
650 #4 - ASIENTO SECUNDARIO DE MATERIA - TERMINO TEMATICO
Término de materia o nombre geográfico como elemento de entrada Literatura infantil española
9 (RLIN) 5892
905 ## - TIPO DE MATERIAL
Tipo de material Infantil
Holdings
Estado de retiro Estado de pérdida Fuente del sistema de clasificación o colocación Estado dañado No para préstamo Código de colección Localización permanente Ubicación/localización actual Ubicación en estantería Fecha de adquisición Total de préstamos Clasificación Código de barras Fecha visto por última vez Número de copia Tipo de ítem Koha
    Library of Congress Classification     Infantil Bib. Gregorio Torres Quintero Bib. Gregorio Torres Quintero Sala infantil Planta baja 10/05/2023 2 PZ13 C3.7 259041 31/12/2020 1 Libro